000 00269nam a2200121Ia 4500
005 20251222140112.0
008 251222s1900||||xx |||||||||||||| ||spa||
082 _a121/N99
100 _aNuvoli, Felice
245 0 _aVeritá e Conoscenza:
264 _bCusl
942 _cLIB
999 _c4331
_d4331